Тропою птиц: путешествие писателя М. Москвиной и художника Л. Тишкова в Непал, Японию и Индию

Detalles Bibliográficos
Autor Principal: Москвина М. Л. Марина Львовна
Summary:Писатель Марина Москвина и художник Леонид Тишков прошагали старинными дорогами Японии, медитировали в монастырях, поднялись на Фудзи... Еще одна далекая земля манила Марину с детства — Индия! Прямо из центра Дели, где Москвиной вручили Почетный диплом IBBY, авторы отправились в далекие Западные Гималаи и поселились на краю бездны в реликтовом городке Алмора, ничуть не изменившемся с тех пор, как он был резиденцией древних индийских королей. В третий раз путь их лежал в королевство Непал, взглянуть на которое до середины прошедшего века удалось всего-навсего пятидесяти иностранцам. Вместе с Тишковым и Москвиной мы совершим восхождение на гору Аннапурну — в самое сердце Высоких Гималаев. Что путешественники пережили в своих беспримерных походах и как вернулись обратно — об этом рассказывает книга «Тропою птиц», несмотря на весь драматизм происходящих событий, полная юмора, веселых рисунков и увлекательных историй из жизни этих загадочных районов Земли.
Idioma:ruso
Publicado: Москва, Эксмо, 2008
Series:Большая литература
Subjects:
Formato: MixedMaterials Libro
KOHA link:https://koha.lib.tpu.ru/cgi-bin/koha/opac-detail.pl?biblionumber=154068

MARC

LEADER 00000nam0a2200000 4500
001 154068
005 20231031151640.0
010 |a 9785699258529  |b (в пер.)  |b 5000 экз. 
021 |a RU  |b 08-79862  |9 08-4639 
035 |a (RuTPU)RU\TPU\book\167121 
090 |a 154068 
100 |a 20081119d2008 m y0rusy5002 ca 
101 0 |a rus 
102 |a RU 
105 |a a z 000ay 
200 1 |a Тропою птиц: путешествие писателя М. Москвиной и художника Л. Тишкова в Непал, Японию и Индию  |f М. Л. Москвина 
210 |a Москва  |c Эксмо  |d 2008 
215 |a 720 с.  |c ил. 
225 1 |a Большая литература 
330 |a Писатель Марина Москвина и художник Леонид Тишков прошагали старинными дорогами Японии, медитировали в монастырях, поднялись на Фудзи... Еще одна далекая земля манила Марину с детства — Индия! Прямо из центра Дели, где Москвиной вручили Почетный диплом IBBY, авторы отправились в далекие Западные Гималаи и поселились на краю бездны в реликтовом городке Алмора, ничуть не изменившемся с тех пор, как он был резиденцией древних индийских королей. В третий раз путь их лежал в королевство Непал, взглянуть на которое до середины прошедшего века удалось всего-навсего пятидесяти иностранцам. Вместе с Тишковым и Москвиной мы совершим восхождение на гору Аннапурну — в самое сердце Высоких Гималаев. Что путешественники пережили в своих беспримерных походах и как вернулись обратно — об этом рассказывает книга «Тропою птиц», несмотря на весь драматизм происходящих событий, полная юмора, веселых рисунков и увлекательных историй из жизни этих загадочных районов Земли. 
610 1 |a русская литература 
610 1 |a повести 
610 1 |a путешествия 
610 1 |a Япония 
610 1 |a Индия 
610 1 |a Непал 
610 1 |a путевые записки 
675 |a Р2  |v 3 
700 1 |a Москвина  |b М. Л.  |g Марина Львовна  |4 070 
801 1 |a RU  |b 63413507  |c 20090220  |g PSBO 
801 2 |a RU  |b 63413507  |c 20090826  |g PSBO 
942 |c BK 
959 |a 30/20090218  |d 1  |e 381,15  |f ХФ:1